| 000 | 01303nam0a22002771 4500 | ||
|---|---|---|---|
| 001 | rc\4689232 | ||
| 005 | 20130416210229.6 | ||
| 021 |
_aRU _b[68-45220] |
||
| 035 | _a(NLR Aleph) 008712437 | ||
| 090 |
_a9366788 _c9366788 |
||
| 100 | _a20130416d1968 |||y0rusy50 ca | ||
| 101 | 0 | _arus | |
| 102 | _aRU | ||
| 105 | _aa z ||||| | ||
| 200 | 1 |
_aПредупреждение типичных ошибок при обучении токарей по металлу в ПТУ _e(Метод. рекомендации) _fГос. ком. Совета Министров по проф.-техн. образованию. Центр. учеб.-метод. кабинет проф.-техн. образования |
|
| 210 |
_aМосква _cВысш. школа _d1968 |
||
| 215 |
_a24 с. _cчерт. _d21 |
||
| 300 | _aВ вып. дан. сост.: Б.С. Гагин | ||
| 606 |
_aТокарное дело _xПроизводственное обучение _2psbo |
||
| 702 | 1 |
_aГагин _bБ. С. _gБорис Степанович _4220 |
|
| 712 | 0 | 2 |
_aЦентральный учеб.-метод. кабинет проф.-техн. образования _cМосква _3RU\NLR\AUTH\8810125554 |
| 801 | 0 |
_aRU _bNLR _gpsbo |
|
| 801 | 1 |
_aRU _bELAR _2rusmarc |
|
| 852 |
_aNLR _j68-6/6221 |
||
| 942 | _cBOOK | ||
| 980 | _aNB | ||